000 00387nam a2200157Ia 4500
008 210716s1995 xx 000 0 und d
020 _a0521471745
041 _aeng
082 _a323.44 COHG
100 _aCohen, G A.
245 _aSelf ownership freedom and equality.
250 _a1
260 _aNew York
_bCambridge University Press
_c1995
300 _ax,277
650 _aNone
999 _c198645
_d198645